[Antiphonarium Franciscanum]

Corporate Author: Klášter františkánů (Moravská Třebová, Česko)
Language: Latin
Physical Description: 1 nečíslovaný list, 105 listů, 5 nečíslovaných listů ; 17 x 11 cm
Musical Score Musical Score
Saved in:
LEADER 01826ndm 2200409 i 4500
001 mzk03001281741
005 20230728131345.0
008 230724q17011800xr cc|ff ||| lat d
040 |a BOA001  |b cze  |e rda 
043 |a e-xr---  |b e-xr-cc  |2 czenas 
048 |a vn01 
072 7 |a 783  |x Církevní hudba. Duchovní hudba. Náboženská hudba  |2 czenas  |9 [9] 
080 |a 783.51  |2 MRF 
080 |a (0.032)78  |2 MRF 
245 0 1 |a [Antiphonarium Franciscanum] 
264 0 |a [Moravská Třebová?],  |c [mezi 1701? a 1800?] 
300 |a 1 nečíslovaný list, 105 listů, 5 nečíslovaných listů ;  |c 17 x 11 cm 
336 |a zápis hudby  |b ntm  |2 rdacontent 
337 |a bez média  |b n  |2 rdamedia 
338 |a svazek  |b nc  |2 rdacarrier 
382 |a hlas  |n 1  |s 1 
500 |a Název převzatý ze soupisu V. Dokoupila 
500 |a Notace: chorální kvadratická na čtyřlinkové osnově 
500 |a Psáno černě a červeně 
500 |a Stará signatura (uvedená na hřbetu): U 20 
510 4 |a Dokoupil, V. Soupis rukopisů z knihovny minoritů v Brně, františkánů v Moravské Třebové a premonstrátů v Nové Říši,  |c s. 84 
563 |a Polokožená vazba, lepenkové desky potažené barevným papírem, na hřbetu nalepený papírový štítek s původní signaturou, červená ořízka 
650 7 |a gregoriánský chorál  |7 fd994969  |2 czenas 
655 7 |a hudební rukopisy  |7 fd278469  |2 czenas 
710 2 |a Klášter františkánů (Moravská Třebová, Česko)  |7 mzk2006341028  |4 own 
910 |a SVE950  |b MT-0000.034 
982 2 |a Klášter františkánů (Moravská Třebová, Česko)  |7 mzk2006341028 
985 |a 1701-1750 
985 |a 1751-1800 
990 |a MU 
991 |k trebova 
996 6 |b 4641050034  |c MT-0000.034  |l stud. ST  |r Sklad / do násl. otevíracího dne  |n 0  |w 001937173  |u 000010  |a 1  |e BOA001  |s P